| 000 | 00645nam a22001937a 4500 | ||
|---|---|---|---|
| 003 | CEME | ||
| 005 | 20210628202220.0 | ||
| 008 | 210113b xxu||||| |||| 00| 0 eng d | ||
| 020 | _a9788131518342 | ||
| 040 | _c. | ||
| 082 | _a658.403 AND | ||
| 100 |
_aAnderson, David R, Sweeney, Dennis J, Williams, Thomas A, Martin, Kipp _958801 |
||
| 245 | _aAn introduction to management science, quantitative approaches to decision making | ||
| 250 | _a13TH | ||
| 260 |
_aINDIA _bCENGAGE LEARNING _c2011 |
||
| 300 | _aXXVI, 816P | ||
| 650 |
_aMANAGEMENT SCIENCE-AN INTRODUCTION. QUANTITATIVE APPROACHES TO DECISION MAKING _958802 |
||
| 942 |
_cBK _2ddc |
||
| 999 |
_c568913 _d568913 |
||